000 01271nam a2200289Ia 4500
003 PE SENCICO BE
005 20260309150330.0
008 200515s9999 xx 000 0 und d
020 _a84-252-1280-4
040 _aPE SENCICO BE
_cPE SENCICO BE
041 _aspa
082 _a526.98
_bC84
100 1 _aCramer, Johannes
_9574
_eautor
245 1 0 _aLevantamiento topográfico en la construcción :
_bmedición y reconocimiento /
_cJohannes Cramer
250 _a[1a ed.]
260 _aBarcelona :
_bGustavo Gili ;
_c1986
300 _a151 páginas :
_bilustraciones, tablas, gráficos ;
_c24 cm.
490 _aColección construcción
504 _aBibliografía: p. 145-147
505 0 _aInstrumentos de medición -- Procedimientos de medición -- La fotografía en el levantamiento de edificios -- Memoria descriptiva -- Reconocimiento del edificio -- Dibujo
520 3 _aDetalla la técnica sobre el levantamiento de edificios y como viene adquiriendo gran importancia en los últimos años. Facilita las diversas técnicas y analiza cómo conviene proceder en cada momento
650 1 0 _aLevantamiento topográfico
_9297
650 2 0 _aFotogrametría
_9248
650 2 0 _aTopografía
_9245
650 2 0 _aMétodos topográficos
_9575
942 _cLIB
_2ddc
999 _c713
_d713